| 000 | 01253nam a2200265Ia 4500 | ||
|---|---|---|---|
| 999 |
_c49390 _d49390 |
||
| 001 | 16310 | ||
| 003 | GE_BSU | ||
| 005 | 20230201104221.0 | ||
| 008 | 181216s2008||||ge |||||||||||||| ||geo|| | ||
| 020 | _a9789941008009 | ||
| 040 | _cGE_BSU | ||
| 041 | _ageo | ||
| 080 | _a343.611 კ-44 | ||
| 100 |
_aკვარაცხელია, რამაზ _916817 |
||
| 245 |
_aგანზრახ მკვლელობისა და სიცოცხლის მოსპობის სხვა შემადგენლობათა კვალიფიკაცია / _cრამაზ კვარაცხელია; [რედ. ოთარ გამყრელიძე]. |
||
| 264 |
_aთბილისი : _bბონა კაუზა, _c2008. |
||
| 300 |
_a90 გვ. ; _b20 სმ. |
||
| 300 | _bბიბლიოგრ. ტექსტ. შენიშვნ. და გვ. 87-88. | ||
| 490 | _aიურისტის ბიბლიოთეკა | ||
| 504 | _a ბიბლიოგრ. ტექსტ. შენიშვნ. და გვ. 87-88. | ||
| 541 | _h10ლ. | ||
| 653 | _aგანზრახ მკვლელობები; | ||
| 653 | _aსამართალი | ||
| 942 |
_cBK _2udc |
||